| 000 | 01911nam a2200481Ii 4500 | ||
|---|---|---|---|
| 001 | DIGNARCEA0121 | ||
| 003 | NyNyDIG | ||
| 006 | m o d | ||
| 007 | cr ||||||||||| | ||
| 008 | 220223s2012 sp ob 000 0 spa d | ||
| 035 | _a(OCoLC)1319852902 | ||
| 040 |
_aDGITA _beng _erda _epn _cDGITA |
||
| 020 |
_a9788427718470 _qeBook _qePdf |
||
| 020 |
_z9788427717275 _qpapel |
||
| 050 | 1 | 4 | _aBF431 ebook |
| 082 | 0 | 4 | _a371.950946 |
| 100 | 1 |
_aGómez Masdevall, María Teresa, _eauthor. |
|
| 245 | 1 | 0 |
_aAltas capacidades en niños y niñas : _bdetección, identificación e integración en la escuela y en la familia / _cMa Teresa Gómez Masdevall, Victoria Mir Costa. |
| 250 | _aPrimera edición en ebook (Pdf) | ||
| 264 | 1 |
_aMadrid : _bNarcea, S. A. de Ediciones, _c[2012] |
|
| 300 | _a1 online resource. | ||
| 336 |
_atext _btxt _2rdacontent |
||
| 337 |
_acomputer _bc _2rdamedia |
||
| 338 |
_aonline resource _bcr _2rdacarrier |
||
| 347 |
_atext file _2rdaft |
||
| 347 | _bPDF | ||
| 490 | 1 | _aColección Educación hoy. Serie Educación especial | |
| 504 | _aIncludes bibliographical references. | ||
| 588 | 0 | _aOnline resource; title from PDF title page (Digitalia, viewed February 23, 2022) | |
| 650 | 0 | _aPersonality. | |
| 650 | 0 | _aPsychological tests. | |
| 650 | 0 | _aExceptional children. | |
| 650 | 0 | _aIntellect. | |
| 655 | 0 | _aElectronic books. | |
| 700 | 1 |
_aMir Costa, Victoria, _eauthor. |
|
| 791 | 2 |
_aDigitalia (Firm), _edistributor. |
|
| 793 | 0 |
_gDigitalia eBook Collection: _aNarcea Ediciones |
|
| 776 | 0 | 8 |
_iPrint version: _aGómez Masdevall, María Teresa. _tAltas capacidades en niños y niñas. _dMadrid : Narcea, S. A. de Ediciones, [2011] _z9788427717275 |
| 830 | 0 |
_aEducación hoy (Narcea (Firm)). _pSerie Educación especial. |
|
| 856 | 4 | 0 |
_3Digitalia Hispánica _uhttps://www.digitaliapublishing.com/a/28917/ |
| 910 | _aPremium collection: 2022 | ||
| 942 | _cRAA | ||
| 999 |
_c239445 _d239445 |
||